000
00239nam a22000857a 4500
008
170607b xxu||||| |||| 00| 0 eng d
100
_9
3313
_a
Chatterjee. S. P
245
_a
Romance of postage stamp
260
_a
New Delhi
_b
National Book Trust
_c
2004
999
_c
6631
_d
6631